Las 10 Provincias Españolas con el IDH más Bajo - Estadísticas

Estadísticas generales
  • Esta prueba ha sido intentada 26 veces
  • La puntuación promedio es 9 de 10
Estadísticas de respuestas
IDH Provincia % Correcto
0,924 Cáceres
100%
0,915 Almería
95%
0,919 Badajoz
95%
0,917 Huelva
95%
0,913 Cádiz
91%
0,920 Córdoba
91%
0,915 Jaén
86%
0,920 Málaga
82%
0,923 Ciudad Real
77%
0,921 Granada
77%
No se encontraron pruebas coincidentes
Distribución de puntuación
Porcentaje de gente con cada puntuación
Porcentaje por número respondido
Historial de tus puntuaciones
No has intentado esta prueba.